1310 1646 1223 1332 1900 1837 1673 1542 1842 1261 1881 1660 1858 1552 1295 1110 1967 1296 1451 1261 1218 1191 1199 1593 1590 1652 1408 1127 1510 1462 1664 1411 1328 1820 1336 1128 1179 1445 1053 1420 1893 1114 1384 1566 1921 1701 1600 1214 1820 1706 1115 1710 1154 1675 1192 1852 1167 1386 1207 1447 1979 1712 1259 1506 1962 1235 1046 1372 1099 1409 1142 1377 1225 1862 1714 1561 1456 1272 1199 1796 1991 1237 1977 1238 1657 1368 1907 1108 1509 1565 1278 1916 1398 1451 1966 1758 1278 1994 1605 BCNSPRNW ULIB Ver.6.0+V

เปลี่ยนเป็นภาษาไทย

Change to English
 แสดงรายละเอียดบรรณานุกรม
  กลับหน้าหลัก

Brief Record : Get Marc (ISO 2709) : E-mail record : QR code < ปิดหน้าต่าง
LEADER : 00000nam a2200000Ia 4500
001    13399115294
003     ULIB
008    120203s2554 th a 000 0 tha d
020    ^a9786167388281
060 04 ^aW50^bว895
245 00 ^aเวชจริยธรรม /^c[คณะบรรณาธิการ] ธำรงรัตน์ แก้วกาญจน์,
250    ^aพิมพ์ครั้งที่ 1
260    ^aกรุงเทพฯ :^bโครงการตำราวิทยาลัยแพทยศาสตร์พระมงกุฎเกล้า,^c2554
300    ^a170 หน้า :^bภาพประกอบ ;^c29 ซม.
650  4 ^aจรรยาบรรณแพทย์
700 0  ^aธำรงรัตน์ แก้วกาญจน์,^eบรรณาธิการ
700 0  ^aสุจินต์ อุบลวัตร,^eบรรณาธิการ
700 0  ^aวิชัย ประยูรวิวัฒน์,^eบรรณาธิการ
945    ^p150^l0^i032218
945    ^p150^l0^i032219
945    ^p150^l0^i032220
995    ^a เกษร
999 ^a ใช้งานได้ทุกระบบ
รายการนี้ยังไม่มีแท็ก
คุณยังไม่ได้ล็อกอิน คุณสามารถมีกิจกรรมร่วมกับเว็บไซต์ได้ แต่ต้องล็อกอินก่อน ::
  ล็อกอิน

รายการสื่อสารสนเทศ

ลำดับที่ ประเภท เลขเรียก/บาร์โค้ด สถานที่ สถานะ
1. วิทยาศาสตร์การแพทย์ และสุขภาพ
หนังสือสำรอง
สถานะ=หนังสือสำรอง
W50 ว895 ฉ.1 
  Barcode: 032218
ห้องสมุดวิทยาเขตสวรรค์ประชารักษ์
►ส่วนจัดเก็บหนังสือเก่า สปร
บนชั้น
  ขอยืม
2. วิทยาศาสตร์การแพทย์ และสุขภาพ
วิทยาศาสตร์การแพทย์ และสุขภาพ
W50 ว895 ฉ.2 
  Barcode: 032219
ห้องสมุดวิทยาเขตสวรรค์ประชารักษ์
►ส่วนจัดเก็บหนังสือเก่า สปร
บนชั้น
  ขอยืม
3. วิทยาศาสตร์การแพทย์ และสุขภาพ
วิทยาศาสตร์การแพทย์ และสุขภาพ
W50 ว895 ฉ.3 
  Barcode: 032220
ห้องสมุดวิทยาเขตสวรรค์ประชารักษ์
►ส่วนจัดเก็บหนังสือเก่า สปร
บนชั้น
  ขอยืม

รายการใกล้เคียง
    หัวเรื่อง [จรรยาบรรณแพทย์]

BibComment


ยังไม่เคยถูกคอมเมนท์

คอมเมนท์ทรัพยากรรายการนี้
  คอมเมนท์: เวชจริยธรรม คณะ..


 Copyright 2026. Bcnsprnw @Library